Congresso Internazionale dei Sordomuti
Descripción Física:
9 p. ; 26 cm
Materias:
Sords -- Congressos
MARC
| LEADER | 00000nam a2200000Ia 4500 | ||
|---|---|---|---|
| 001 | 21333 | ||
| 008 | 160829s1911 xx 000 0 cat d | ||
| 080 | |a R-357, exp. 27 | ||
| 100 | |a Congresso Internazionale dei Sordomuti (1911 : Roma) |9 43634 | ||
| 245 | |a Congresso Internazionale dei Sordomuti | ||
| 260 | |a Roma : |b Officine Tip. Italiane, |c 1911 | ||
| 300 | |a 9 p. ; |c 26 cm | ||
| 590 | |a Congrés celebrat a Roma entre els dies 22 i 27 d'agost de 1911. | ||
| 590 | |a El director del Instituto Catalán de Sordomudos de Barcelona, Emilio Tortosa Orero, és membre del Comitè d'honor del Congrés. | ||
| 650 | |a Sords |x Congressos |9 43635 | ||
| 901 | |a Arxiu | ||
| 942 | |n 1 | ||
| 952 | |0 0 |1 0 |4 0 |6 R357_EXP_27 |7 1 |9 51548 |a Arxiu |b Arxiu |d 2016-12-01 |l 0 |o R-357, exp. 27 |p 21333 |r 2016-12-01 00:00:00 |w 2016-12-01 |y ARXIU | ||
| 999 | |c 55393 |d 55393 | ||